000 00690nam a22001937a 4500
005 20130508121933.0
010 _aB-496649-772
020 _a9788131788622
_c550.00
035 _aB-496649-772
037 _bUBH/Ven
082 _a000
100 _aThorpe, Edgar
245 _aThe Pearson General Knowlegde Manual /
_cBy Edgar Thorpe and Showick Thorpe
260 _aNoida
_bDorling Kindersley (India)
_cc2013
270 _aA-8(A), 7th Floor Knowlegde Boulevard, Sec-62
_bNoida
_e209301
300 _axvii, Various pages
_bill.
_c27cm(pbk).
942 _2ddc
_cEN
_mTHO
_h000
999 _c74479
_d74479